Az acetilkolin tartalom in vivo és in vitro regulációja a központi idegrendszer különböző régióiban

Elmentve itt :
Bibliográfiai részletek
Szerző: Budai Dénes
További közreműködők: Kása Péter (Témavezető)
Dokumentumtípus: Disszertáció
Megjelent: 1984
Kulcsszavak:Orvostudomány
Tárgyszavak:
Online Access:http://doktori.ek.szte.hu/7016
LEADER 00754nta a2200205 i 4500
001 dokt7016
005 20220701150625.0
008 220701s1984 hu om 0|| hun d
040 |a SZTE Doktori Repozitórium  |b hun 
041 |a hun 
100 1 |a Budai Dénes 
245 1 3 |a Az acetilkolin tartalom in vivo és in vitro regulációja a központi idegrendszer különböző régióiban  |h [elektronikus dokumentum] /  |c  Budai Dénes 
260 |c 1984 
502 |a Disszertacio 
650 4 |a elméleti orvostudományok 
650 4 |a Orvos- és egészségtudomány 
650 4 |a Általános orvostudomány 
695 |a Orvostudomány 
700 1 |a Kása Péter  |e ths 
856 4 0 |u https://doktori.bibl.u-szeged.hu/id/eprint/7016/1/1984_bokor_jozsef.pdf  |z Dokumentum-elérés